Score 0/16 Timer 03:00
0 Plays Today
Which island? Answer % Correct
Tierra del Fuego or PEI????
86.8%
Sakhalin or Vancouver????
81.6%
Bahrain or Montréal????
78.9%
Long island or Hokkaido????
64.5%
Cuba or Hainan????
61.8%
Malta or Tasmania????
61.8%
Tenerife or Bangka????
59.2%
Sulawesi or Madagascar????
57.9%
Which island? Answer % Correct
Sumatra or Taiwan????
56.6%
Bermuda or Gotland????
46.1%
Iceland or Hawaii (Big island)????
39.5%
Greenland or Socotra????
31.6%
Nevis or Bornholm????
31.6%
Andros or Baffin????
31.6%
Arran or Barbuda????
25%
Aruba or Vanua Levu????
23.7%
Remove Ads.
Support Sporcle.
Get the best of Sporcle when you Go Orange. This ad-free experience offers more features, more stats, and more fun while also helping to support Sporcle. Thank you for becoming a member.

You're not logged in!

Compare scores with friends on all Sporcle quizzes.
OR
Log In

Show Comments

Extras

Top Quizzes Today


Score Distribution

Your Account Isn't Verified!

In order to create a playlist on Sporcle, you need to verify the email address you used during registration. Go to your Sporcle Settings to finish the process.

Report this User

Report this user for behavior that violates our Community Guidelines.

Details: